Crònica d'un centenari : Club Tennis de La Salut : 1902-2002 / Joaquín Fernández Borobia, José María Maseda Aldomá ; [versió al català: Laia Baqué Viader] Club Tennis de La Salut :
Descripción Física:
397 p. : il. (algunes col.) ; 32 cm
MARC
| LEADER | 00000nam a2200000Ia 4500 | ||
|---|---|---|---|
| 001 | 16737 | ||
| 008 | 160829s9999 xx 000 0 cat d | ||
| 080 | |a FOL-2-76 | ||
| 100 | |a Fernández Borobia, Joaquín |9 27141 | ||
| 245 | |a Crònica d'un centenari : |b Club Tennis de La Salut : |b 1902-2002 / Joaquín Fernández Borobia, José María Maseda Aldomá ; [versió al català: |b Laia Baqué Viader] | ||
| 260 | |a [Barcelona] : |b Club Tennis de La Salut, cop. 2003 | ||
| 300 | |a 397 p. : |b il. (algunes col.) ; |c 32 cm | ||
| 650 | |a Club Tennis de La Salut (Barcelona) |x Història |9 27142 | ||
| 650 | |a Tennis |x Barcelona |x Història |9 27143 | ||
| 650 | |a Clubs de tennis |x Barcelona |x Història |9 27144 | ||
| 700 | |a Maseda Aldomá, José María |9 27145 | ||
| 700 | 1 | |a Baqué Viader, Laia |9 27146 | |
| 700 | |a Club Tennis de La Salut (Barcelona) |9 27147 | ||
| 901 | |a Arxiu | ||
| 942 | |n 1 | ||
| 952 | |0 0 |1 0 |4 0 |6 FOL276 |7 1 |9 44290 |a Arxiu |b Arxiu |d 2016-12-01 |l 0 |o FOL-2-76 |p 16737 |r 2016-12-01 00:00:00 |w 2016-12-01 |y ARXIU | ||
| 999 | |c 46870 |d 46870 | ||